| 000 | 00779nam a2200241Ia 4500 | ||
|---|---|---|---|
| 001 | 18513 | ||
| 003 | GE_BSU | ||
| 008 | 181216s||||||||xx |||||||||||||| ||und|| | ||
| 020 | _a978-9941-9044-3-1 | ||
| 040 | _cGE_BSU | ||
| 080 | _a372.864 | ||
| 100 | _aნარგიზიშვილი, აკაკი | ||
| 245 | _aსაოჯახო პედაგოგიკა | ||
| 245 | _cრედ. ნარგიზიშვილი- მიქაძე მანანა | ||
| 260 | _aთბილისი | ||
| 260 | _bინოვაცია | ||
| 260 | _c2008 | ||
| 300 | _a124გვ. ; 20სმ. | ||
| 300 | _eბიბლიოგრ.: გვ. 121. | ||
| 541 | _h5ლ.60თ. | ||
| 653 | _aსაოჯახო პედაგოგიკა | ||
| 942 | _cBK | ||
| 999 |
_c51524 _d51524 |
||